{"text_format":"3","workbook":"xlsx","n_sheets":1,"sheets":["Sheet 1"],"read":"whole","date_system":"1900"}

{"sheet":"Sheet 1","index":0,"n_rows":54,"n_cols":21,"rows_kept":54}
["№","Район","Предмет","Код ОО","Наименование ОО","Фамилия","Имя","Отчество","Дата рождения","Пол","Участник с ОВЗ (да/нет)","Класс обучения","Класс участия","Балл","Добавлено баллов по итогам апелляций","Итоговый балл","Максимальный балл","Статус","Призёр республиканского этапа прошлого года","ФИО учителя","Место работы учителя"]
[796914,"Чистопольский район","Технология",520002,"Муниципальное бюджетное общеобразовательное учреждение «Гимназия №2» Чистопольского муниципального района Республики Татарстан","Акилова","София","Михайловна",39710,"Ж","нет",7,7,78.33,"",78.33,100,"Победитель","нет","Мирсияпова  Лия Анасовна","Муниципальное  бюджетное общеобразовательное учреждение «Гимназия №2» Чистопольского муниципального района Республики Татарстан"]
[796915,"Чистопольский район","Технология",520101,"Муниципальное бюджетное общеобразовательное учреждение «Средняя общеобразовательная школа №1» Чистопольского муниципального района Республики Татарстан","Чеснокова","Татьяна","Сергеевна",40034,"Ж","нет",6,7,52.96,"",52.96,100,"Призер","нет","Мишагина  Ольга Ивановна","Муниципальное  бюджетное общеобразовательное учреждение «Средняя общеобразовательная школа №1» Чистопольского муниципального района Республики Татарстан"]
[796916,"Чистопольский район","Технология",520103,"Муниципальное бюджетное общеобразовательное учреждение «Гимназия №3» Чистопольского муниципального района Республики Татарстан","Тюкарева","Анастасия","Ивановна",39709,"Ж","нет",7,7,52.6,"",52.6,100,"Призер","нет","Саттарова Лилия Халимовна","Муниципальное  бюджетное общеобразовательное учреждение «Гимназия №3» Чистопольского муниципального района Республики Татарстан"]
[796917,"Чистопольский район","Технология",520225,"Муниципальное бюджетное общеобразовательное учреждение «Чистопольско-Высельская средняя общеобразовательная школа» Чистопольского муниципального района Республики Татарстан","Главнова","Софья","Андреевна",39516,"Ж","нет",7,7,52.26,"",52.26,100,"Призер","нет","Валиева  Раушания Нурлимановна","Муниципальное  бюджетное общеобразовательное учреждение «Чистопольско-Высельская средняя общеобразовательная школа» Чистопольского муниципального района Республики Татарстан"]
[796918,"Чистопольский район","Технология",520209,"Государственное бюджетное общеобразовательное учреждение \"Чистопольская кадетская школа-интернат имени Героя Советского Союза Кузьмина Сергея Евдокимовича\"","Мкртумова","Милена","Сергеевна",39664,"Ж","нет",7,7,51.16,"",51.16,100,"Призер","нет","Исаичева  Мария Александровна","Государственное  бюджетное общеобразовательное учреждение \"Чистопольская кадетская школа-интернат имени Героя Советского Союза Кузьмина Сергея Евдокимовича\""]
[796919,"Чистопольский район","Технология",520225,"Муниципальное бюджетное общеобразовательное учреждение «Чистопольско-Высельская средняя общеобразовательная школа» Чистопольского муниципального района Республики Татарстан","Мельникова","София","Александровна",39712,"Ж","нет",7,7,50.9,"",50.9,100,"Призер","нет","Валиева  Раушания Нурлимановна","Муниципальное  бюджетное общеобразовательное учреждение «Чистопольско-Высельская средняя общеобразовательная школа» Чистопольского муниципального района Республики Татарстан"]
[796920,"Чистопольский район","Технология",520001,"Муниципальное бюджетное общеобразовательное учреждение «Гимназия №1» Чистопольского муниципального района Республики Татарстан","Сударкина","Юлия","Владимировна",39625,"Ж","нет",7,7,47.46,"",47.46,100,"Учасник","нет","Шанина  Рушана Асхатовна","Муниципальное  бюджетное общеобразовательное учреждение «Гимназия №1» Чистопольского муниципального района Республики Татарстан"]
[796921,"Чистопольский район","Технология",520001,"Муниципальное бюджетное общеобразовательное учреждение «Гимназия №1» Чистопольского муниципального района Республики Татарстан","Савельева","Мария","Денисовна",39812,"Ж","нет",7,7,39.86,"",39.86,100,"Учасник","нет","Фасхутдинова  Татьяна Евгеньевна","Муниципальное  бюджетное общеобразовательное учреждение «Гимназия №1» Чистопольского муниципального района Республики Татарстан"]
[796922,"Чистопольский район","Технология",520205,"Муниципальное бюджетное общеобразовательное учреждение «Средняя общеобразовательная школа №5» Чистопольского муниципального района Республики Татарстан","Урманчеева","Рузиля","Рафисовна",39633,"Ж","нет",7,7,34.4,"",34.4,100,"Учасник","нет","Пашина  Альфия Ахатовна","Муниципальное  бюджетное общеобразовательное учреждение «Средняя общеобразовательная школа №5» Чистопольского муниципального района Республики Татарстан"]
[796923,"Чистопольский район","Технология",520209,"Государственное бюджетное общеобразовательное учреждение \"Чистопольская кадетская школа-интернат имени Героя Советского Союза Кузьмина Сергея Евдокимовича\"","Трушникова","Олеся","Витальевна",39924,"Ж","нет",7,7,30.2,"",30.2,100,"Учасник","нет","Исаичева  Мария Александровна","Государственное  бюджетное общеобразовательное учреждение \"Чистопольская кадетская школа-интернат имени Героя Советского Союза Кузьмина Сергея Евдокимовича\""]
[796924,"Чистопольский район","Технология",520103,"Муниципальное бюджетное общеобразовательное учреждение «Гимназия №3» Чистопольского муниципального района Республики Татарстан","Гаязова","Милана","Руслановна",39125,"Ж","нет",8,8,84.56,"",84.56,100,"Победитель","нет","Камбулова  Елена Николаевна","Муниципальное  бюджетное общеобразовательное учреждение «Гимназия №3» Чистопольского муниципального района Республики Татарстан"]
[796925,"Чистопольский район","Технология",520205,"Муниципальное бюджетное общеобразовательное учреждение «Средняя общеобразовательная школа №5» Чистопольского муниципального района Республики Татарстан","Филиппова","Карина","Эдуардовна",39324,"Ж","нет",8,8,84.5,"",84.5,100,"Призер","нет","Пашина  Альфия Ахатовна","Муниципальное  бюджетное общеобразовательное учреждение «Средняя общеобразовательная школа №5» Чистопольского муниципального района Республики Татарстан"]
[796926,"Чистопольский район","Технология",520218,"Муниципальное бюджетное общеобразовательное учреждение «Средняя общеобразовательная школа №16» Чистопольского муниципального района Республики Татарстан","Бызова","Яна","Андреевна",39085,"Ж","нет",8,8,64.5,"",64.5,100,"Призер","нет","Хурасеева  Ксения Викторовна","Муниципальное  бюджетное общеобразовательное учреждение «Средняя общеобразовательная школа №16» Чистопольского муниципального района Республики Татарстан"]
[796927,"Чистопольский район","Технология",520101,"Муниципальное бюджетное общеобразовательное учреждение «Средняя общеобразовательная школа №1» Чистопольского муниципального района Республики Татарстан","Лещева","Анна","Евгеньевна",39205,"Ж","нет",8,8,60,"",60,100,"Призер","нет","Мишагина  Ольга Ивановна","Муниципальное  бюджетное общеобразовательное учреждение «Средняя общеобразовательная школа №1» Чистопольского муниципального района Республики Татарстан"]
[796928,"Чистопольский район","Технология",520202,"Муниципальное бюджетное общеобразовательное учреждение «Лицей № 2» Чистопольского муниципального района Республики Татарстан","Ханжина","София","Денисовна",39405,"Ж","нет",8,8,50.5,"",50.5,100,"Призер","нет","Габдулвалеева  Светлана Николаевна","Муниципальное  бюджетное общеобразовательное учреждение «Лицей № 2» Чистопольского муниципального района Республики Татарстан"]
[796929,"Чистопольский район","Технология",520227,"Муниципальное бюджетное общеобразовательное учреждение «Юлдузская средняя общеобразовательная школа» Чистопольского муниципального района РТ","Минабутдинова","Аделя","Радиковна",39289,"Ж","нет",8,8,50.5,"",50.5,100,"Призер","нет","Ермолаева  Нафиса Исмагиловна","Муниципальное  бюджетное общеобразовательное учреждение «Юлдузская средняя общеобразовательная школа» Чистопольского муниципального района РТ"]
[796930,"Чистопольский район","Технология",520227,"Муниципальное бюджетное общеобразовательное учреждение «Юлдузская средняя общеобразовательная школа» Чистопольского муниципального района РТ","Лучанкина","Лина","Вячеславовна",39373,"Ж","нет",8,8,45.5,"",45.5,100,"Учасник","нет","Ермолаева  Нафиса Исмагиловна","Муниципальное  бюджетное общеобразовательное учреждение «Юлдузская средняя общеобразовательная школа» Чистопольского муниципального района РТ"]
[796931,"Чистопольский район","Технология",520002,"Муниципальное бюджетное общеобразовательное учреждение «Гимназия №2» Чистопольского муниципального района Республики Татарстан","Суворова","Кристина","Викторовна",39147,"Ж","нет",8,8,44.5,"",44.5,100,"Учасник","нет","Мирсияпова  Лия Анасовна","Муниципальное  бюджетное общеобразовательное учреждение «Гимназия №2» Чистопольского муниципального района Республики Татарстан"]
[796932,"Чистопольский район","Технология",520205,"Муниципальное бюджетное общеобразовательное учреждение «Средняя общеобразовательная школа №5» Чистопольского муниципального района Республики Татарстан","Пискарева","Милана","Владимировна",39292,"Ж","нет",8,8,42,"",42,100,"Учасник","нет","Пашина  Альфия Ахатовна","Муниципальное  бюджетное общеобразовательное учреждение «Средняя общеобразовательная школа №5» Чистопольского муниципального района Республики Татарстан"]
[796933,"Чистопольский район","Технология",520218,"Муниципальное бюджетное общеобразовательное учреждение «Средняя общеобразовательная школа №16» Чистопольского муниципального района Республики Татарстан","Бурмакина","Екатерина","Сергеевна",38686,"Ж","нет",9,9,91.5,"",91.5,100,"Победитель","да","Хурасеева  Ксения Викторовна","Муниципальное  бюджетное общеобразовательное учреждение «Средняя общеобразовательная школа №16» Чистопольского муниципального района Республики Татарстан"]
[796934,"Чистопольский район","Технология",520002,"Муниципальное бюджетное общеобразовательное учреждение «Гимназия №2» Чистопольского муниципального района Республики Татарстан","Кулаева","Екатерина","Александровна",38890,"Ж","нет",9,9,62.66,"",62.66,100,"Призер","нет","Мирсияпова  Лия Анасовна","Муниципальное  бюджетное общеобразовательное учреждение «Гимназия №2» Чистопольского муниципального района Республики Татарстан"]
[796935,"Чистопольский район","Технология",520205,"Муниципальное бюджетное общеобразовательное учреждение «Средняя общеобразовательная школа №5» Чистопольского муниципального района Республики Татарстан","Михеева","Яна","Андреевна",38865,"Ж","нет",9,9,58.1,"",58.1,100,"Учасник","нет","Пашина  Альфия Ахатовна","Муниципальное  бюджетное общеобразовательное учреждение «Средняя общеобразовательная школа №5» Чистопольского муниципального района Республики Татарстан"]
[796936,"Чистопольский район","Технология",520101,"Муниципальное бюджетное общеобразовательное учреждение «Средняя общеобразовательная школа №1» Чистопольского муниципального района Республики Татарстан","Семякина","мария","Сергеевна",38903,"Ж","нет",9,9,53.26,"",53.26,100,"Учасник","нет","Мишагина  Ольга Ивановна","Муниципальное  бюджетное общеобразовательное учреждение «Средняя общеобразовательная школа №1» Чистопольского муниципального района Республики Татарстан"]
[796937,"Чистопольский район","Технология",520201,"Муниципальное бюджетное общеобразовательное учреждение «Лицей №1» Чистопольского муниципального района Республики Татарстан","Натеева","Аделина","Аликовна",38450,"Ж","нет",10,10,82.33,"",82.33,100,"Победитель","да","Кузьмина  Галина Александровна Алекс","Муниципальное  бюджетное общеобразовательное учреждение «Лицей №1» Чистопольского муниципального района Республики Татарстан"]
[796938,"Чистопольский район","Технология",520101,"Муниципальное бюджетное общеобразовательное учреждение «Средняя общеобразовательная школа №1» Чистопольского муниципального района Республики Татарстан","Ахметзянова","Рената","Ревалевна",38636,"Ж","нет",10,10,73.17,"",73.17,100,"Призер","нет","Мишагина  Ольга Ивановна","Муниципальное  бюджетное общеобразовательное учреждение «Средняя общеобразовательная школа №1» Чистопольского муниципального района Республики Татарстан"]
[796939,"Чистопольский район","Технология",520227,"Муниципальное бюджетное общеобразовательное учреждение «Юлдузская средняя общеобразовательная школа» Чистопольского муниципального района РТ","Тухватуллина","Зарина","Ильясовна",38373,"Ж","нет",10,10,41.5,"",41.5,100,"Призер","нет","Ермолаева  Нафиса Исмагиловна","Муниципальное  бюджетное общеобразовательное учреждение «Юлдузская средняя общеобразовательная школа» Чистопольского муниципального района РТ"]
[796940,"Чистопольский район","Технология",520204,"Муниципальное бюджетное общеобразовательное учреждение «Средняя общеобразовательная школа №4» Чистопольского муниципального района Республики Татарстан","Красильникова","Анастасия","Андреевна",38485,"Ж","нет",10,10,38.17,"",38.17,100,"Учасник","нет","Сиротина  Наталья Анатольевна","Муниципальное  бюджетное общеобразовательное учреждение «Средняя общеобразовательная школа №4» Чистопольского муниципального района Республики Татарстан"]
[796941,"Чистопольский район","Технология",520227,"Муниципальное бюджетное общеобразовательное учреждение «Юлдузская средняя общеобразовательная школа» Чистопольского муниципального района РТ","Шарифуллина","Алина","Ильнуровна",38714,"Ж","нет",10,10,34.77,"",34.77,100,"Учасник","нет","Ермолаева  Нафиса Исмагиловна","Муниципальное  бюджетное общеобразовательное учреждение «Юлдузская средняя общеобразовательная школа» Чистопольского муниципального района РТ"]
[796942,"Чистопольский район","Технология",520204,"Муниципальное бюджетное общеобразовательное учреждение «Средняя общеобразовательная школа №4» Чистопольского муниципального района Республики Татарстан","Осипова","Валерия","Сергеевна",38017,"Ж","нет",11,11,54,"",54,100,"призёр","нет","Сиротина  Наталья Анатольевна","Муниципальное  бюджетное общеобразовательное учреждение «Средняя общеобразовательная школа №4» Чистопольского муниципального района Республики Татарстан"]
[796943,"Чистопольский район","Технология",520216,"Муниципальное бюджетное общеобразовательное учреждение «Кутлушкинская основная общеобразовательная школа» Чистопольского муниципального района Республики Татарстан","Усанов","Владлен","Александрович",40051,"М","нет",6,7,69,"",69,100,"Победитель","нет","Мингазов  Алмаз Абдулхаевич","Муниципальное  бюджетное общеобразовательное учреждение «Кутлушкинская основная общеобразовательная школа» Чистопольского муниципального района Республики Татарстан"]
[796944,"Чистопольский район","Технология",520216,"Муниципальное бюджетное общеобразовательное учреждение «Кутлушкинская основная общеобразовательная школа» Чистопольского муниципального района Республики Татарстан","Мустафин","Тахир","Русланович",39766,"М","нет",7,7,65,"",65,100,"Призер","нет","Мингазов  Алмаз Абдулхаевич","Муниципальное  бюджетное общеобразовательное учреждение «Кутлушкинская основная общеобразовательная школа» Чистопольского муниципального района Республики Татарстан"]
[796945,"Чистопольский район","Технология",520209,"Государственное бюджетное общеобразовательное учреждение \"Чистопольская кадетская школа-интернат имени Героя Советского Союза Кузьмина Сергея Евдокимовича\"","Гринин","Андрей","Дмитревич",39797,"М","нет",7,7,64,"",64,100,"Призер","нет","Тихонов  Вячеслав Владимирович","Государственное  бюджетное общеобразовательное учреждение \"Чистопольская кадетская школа-интернат имени Героя Советского Союза Кузьмина Сергея Евдокимовича\""]
[796946,"Чистопольский район","Технология",520216,"Муниципальное бюджетное общеобразовательное учреждение «Кутлушкинская основная общеобразовательная школа» Чистопольского муниципального района Республики Татарстан","Яруллин","Анвар","Ильясович",39601,"М","нет",7,7,63,"",63,100,"Призер","нет","Мингазов  Алмаз Абдулхаевич","Муниципальное  бюджетное общеобразовательное учреждение «Кутлушкинская основная общеобразовательная школа» Чистопольского муниципального района Республики Татарстан"]
[796947,"Чистопольский район","Технология",520201,"Муниципальное бюджетное общеобразовательное учреждение «Лицей №1» Чистопольского муниципального района Республики Татарстан","Тишин","Назар","Дмитриевич",39593,"М","нет",7,7,61,"",61,100,"Призер","нет","Кузьмина  Галина Алекссандровна","Муниципальное  бюджетное общеобразовательное учреждение «Лицей №1» Чистопольского муниципального района Республики Татарстан"]
[796948,"Чистопольский район","Технология",520205,"Муниципальное бюджетное общеобразовательное учреждение «Средняя общеобразовательная школа №5» Чистопольского муниципального района Республики Татарстан","Мингазов","Булат","Фанисович",39649,"М","нет",7,7,61,"",61,100,"Призер","нет","Бешенцев  Сергей Николаевич","Муниципальное  бюджетное общеобразовательное учреждение «Средняя общеобразовательная школа №5» Чистопольского муниципального района Республики Татарстан"]
[796949,"Чистопольский район","Технология",520205,"Муниципальное бюджетное общеобразовательное учреждение «Средняя общеобразовательная школа №5» Чистопольского муниципального района Республики Татарстан","Маслаков","Глеб","Александрович",40266,"М","нет",5,7,60,"",60,100,"Учасник","нет","Бешенцев  Сергей Николаевич","Муниципальное  бюджетное общеобразовательное учреждение «Средняя общеобразовательная школа №5» Чистопольского муниципального района Республики Татарстан"]
[796950,"Чистопольский район","Технология",520205,"Муниципальное бюджетное общеобразовательное учреждение «Средняя общеобразовательная школа №5» Чистопольского муниципального района Республики Татарстан","Андронов","Илья","Михайлович",40031,"М","нет",6,7,59,"",59,100,"Учасник","нет","Бешенцев  Сергей Николаевич","Муниципальное  бюджетное общеобразовательное учреждение «Средняя общеобразовательная школа №5» Чистопольского муниципального района Республики Татарстан"]
[796951,"Чистопольский район","Технология",520209,"Государственное бюджетное общеобразовательное учреждение \"Чистопольская кадетская школа-интернат имени Героя Советского Союза Кузьмина Сергея Евдокимовича\"","Гиниятов","Рамзиль","Рифкатович",39889,"М","нет",7,7,58,"",58,100,"Учасник","нет","Тихонов  Вячеслав Владимирович","Государственное  бюджетное общеобразовательное учреждение \"Чистопольская кадетская школа-интернат имени Героя Советского Союза Кузьмина Сергея Евдокимовича\""]
[796952,"Чистопольский район","Технология",520103,"Муниципальное бюджетное общеобразовательное учреждение «Гимназия №3» Чистопольского муниципального района Республики Татарстан","Сафин","Эмиль","Фаридович",39212,"М","нет",8,8,80,"",80,100,"Победитель","нет","Кузьмин  Сергей Петрович","Муниципальное  бюджетное общеобразовательное учреждение «Гимназия №3» Чистопольского муниципального района Республики Татарстан"]
[796953,"Чистопольский район","Технология",520101,"Муниципальное бюджетное общеобразовательное учреждение «Средняя общеобразовательная школа №1» Чистопольского муниципального района Республики Татарстан","Гайсин","Василь","Сергеевич",39167,"М","нет",8,8,70,"",70,100,"Призер","нет","Просвиркин  Юрий Евгеньевич","Муниципальное  бюджетное общеобразовательное учреждение «Средняя общеобразовательная школа №1» Чистопольского муниципального района Республики Татарстан"]
[796954,"Чистопольский район","Технология",520101,"Муниципальное бюджетное общеобразовательное учреждение «Средняя общеобразовательная школа №1» Чистопольского муниципального района Республики Татарстан","Мурадымов","Булат","Маратович",39162,"М","нет",8,8,64,"",64,100,"Призер","нет","Просвиркин  Юрий Евгеньевич","Муниципальное  бюджетное общеобразовательное учреждение «Средняя общеобразовательная школа №1» Чистопольского муниципального района Республики Татарстан"]
[796955,"Чистопольский район","Технология",520209,"Государственное бюджетное общеобразовательное учреждение \"Чистопольская кадетская школа-интернат имени Героя Советского Союза Кузьмина Сергея Евдокимовича\"","Давыдов","Евгений","Игоревич",39340,"М","нет",8,8,31,"",31,100,"Учасник","нет","Тихонов  Вячеслав Владимирович","Государственное  бюджетное общеобразовательное учреждение \"Чистопольская кадетская школа-интернат имени Героя Советского Союза Кузьмина Сергея Евдокимовича\""]
[796956,"Чистопольский район","Технология",520209,"Государственное бюджетное общеобразовательное учреждение \"Чистопольская кадетская школа-интернат имени Героя Советского Союза Кузьмина Сергея Евдокимовича\"","Нигматуллин","Ильхам","Ильнурович",39262,"М","нет",8,8,30,"",30,100,"Учасник","нет","Тихонов  Вячеслав Владимирович","Государственное  бюджетное общеобразовательное учреждение \"Чистопольская кадетская школа-интернат имени Героя Советского Союза Кузьмина Сергея Евдокимовича\""]
[796957,"Чистопольский район","Технология",520218,"Муниципальное бюджетное общеобразовательное учреждение «Средняя общеобразовательная школа №16» Чистопольского муниципального района Республики Татарстан","Кукин","Владимир","Леонидович",38862,"М","нет",9,9,95,"",95,100,"Победитель","да","Хурасеев  Алексей Геннадиевич","Муниципальное  бюджетное общеобразовательное учреждение «Средняя общеобразовательная школа №16» Чистопольского муниципального района Республики Татарстан"]
[796958,"Чистопольский район","Технология",520219,"Муниципальное бюджетное общеобразовательное учреждение «Муслюмкинская средняя общеобразовательная школа» Чистопольского муниципального района Республики Татарстан","Хамидуллин","Наиль","Ленарович",38736,"М","нет",9,9,65,"",65,100,"Призер","нет","Гатауллин  Равиль Рафаилович","Муниципальное  бюджетное общеобразовательное учреждение «Муслюмкинская средняя общеобразовательная школа» Чистопольского муниципального района Республики Татарстан"]
[796959,"Чистопольский район","Технология",520202,"Муниципальное бюджетное общеобразовательное учреждение «Лицей № 2» Чистопольского муниципального района Республики Татарстан","Васильев","Эдгар","Сергеевич",38674,"М","нет",9,9,60,"",60,100,"Призер","нет","Славнин  Вячеслав Викторович","Муниципальное  бюджетное общеобразовательное учреждение «Лицей № 2» Чистопольского муниципального района Республики Татарстан"]
[796960,"Чистопольский район","Технология",520205,"Муниципальное бюджетное общеобразовательное учреждение «Средняя общеобразовательная школа №5» Чистопольского муниципального района Республики Татарстан","Чебанов","Арсений","Вадимович",39015,"М","нет",9,9,60,"",60,100,"Призер","нет","Бешенцев  Сергей Николаевич","Муниципальное  бюджетное общеобразовательное учреждение «Средняя общеобразовательная школа №5» Чистопольского муниципального района Республики Татарстан"]
[796961,"Чистопольский район","Технология",520209,"Государственное бюджетное общеобразовательное учреждение \"Чистопольская кадетская школа-интернат имени Героя Советского Союза Кузьмина Сергея Евдокимовича\"","Шабанов","Амирхан","Рамильевич",39275,"М","нет",9,9,48,"",48,100,"Учасник","нет","Тихонов  Вячеслав Владимирович","Государственное  бюджетное общеобразовательное учреждение \"Чистопольская кадетская школа-интернат имени Героя Советского Союза Кузьмина Сергея Евдокимовича\""]
[796962,"Чистопольский район","Технология",520103,"Муниципальное бюджетное общеобразовательное учреждение «Гимназия №3» Чистопольского муниципального района Республики Татарстан","Кузьмин","Никита","Сергеевич",38560,"М","нет",10,10,92,"",92,100,"победитель","да","Кузьмин  Сергей Петрович","Муниципальное  бюджетное общеобразовательное учреждение «Гимназия №3» Чистопольского муниципального района Республики Татарстан"]
[796963,"Чистопольский район","Технология",520103,"Муниципальное бюджетное общеобразовательное учреждение «Гимназия №3» Чистопольского муниципального района Республики Татарстан","Шушляев","Ростислав","Артемович",38574,"М","нет",10,10,88.5,"",88.5,100,"призёр","нет","Кузьмин  Сергей Петрович","Муниципальное  бюджетное общеобразовательное учреждение «Гимназия №3» Чистопольского муниципального района Республики Татарстан"]
[796964,"Чистопольский район","Технология",520101,"Муниципальное бюджетное общеобразовательное учреждение «Средняя общеобразовательная школа №1» Чистопольского муниципального района Республики Татарстан","Публиков","Ярослав","Юрьевич",38514,"М","нет",10,10,78.5,"",78.5,100,"призёр","нет","Просвиркин  Юрий Евгеньевич","Муниципальное  бюджетное общеобразовательное учреждение «Средняя общеобразовательная школа №1» Чистопольского муниципального района Республики Татарстан"]
[796965,"Чистопольский район","Технология",520205,"Муниципальное бюджетное общеобразовательное учреждение «Средняя общеобразовательная школа №5» Чистопольского муниципального района Республики Татарстан","Хафизов","Артур","Рустемович",38412,"М","нет",10,10,48.5,"",48.5,100,"Учасник","нет","Бешенцев  Сергей Николаевич","Муниципальное  бюджетное общеобразовательное учреждение «Средняя общеобразовательная школа №5» Чистопольского муниципального района Республики Татарстан"]
[803958,"Чистопольский район","Технология",520205,"Муниципальное бюджетное общеобразовательное учреждение «Средняя общеобразовательная школа №5» Чистопольского муниципального района Республики Татарстан","Халилов","Райхан","Ильфатович",38713,"М","нет",10,10,74,"",74,100,"призёр","нет","Кузьмин Сергей Петрович","Муниципальное бюджетное общеобразовательное учреждение \"Гимназия №3\" Чистопольского муниципального района Республики Татарстан"]